| 000 | 00424nam a2200157Ia 4500 | ||
|---|---|---|---|
| 003 | GCL | ||
| 008 | 140319s9999 xx 000 0 eng d | ||
| 040 |
_aGCL / _cGCL |
||
| 082 | 0 | 4 |
_a616.994.18 _bL C |
| 100 | 1 | _aLUDLAM, CHRISTOPHES | |
| 245 | 1 | 0 |
_aCLINICAL HAEMATOLOGY / _cLUDLAM, CHRISTOPHES |
| 260 |
_a[S.N] : _bELBS WITH CHURCHILL LIVINGSTONE ، _c1992 |
||
| 300 | _a478\ P | ||
| 650 | 0 | 4 | _aHAEMATOLOGY |
| 942 |
_2ddc _cBK |
||
| 999 |
_c19877 _d19877 |
||